Robinson Crusoé - Le roman - Statistiques

Statistiques générales
  • Ce quiz a été pris 144 fois
  • Le résultat moyen est 8 sur 16
Statistiques - réponses
Question Réponse % Correct
Robinson fait la rencontre d'un de ces indigènes, qu'il baptiste du nom du jour de la semaine où celui-ci est apparu. Vendredi
87%
De quelle origine est-il ? Anglais
80%
Des indigènes pratiquant le ________ viennent périodiquement sur l'île, ce qui horrifie Robinson, qui juge leur comportement abominable. Cannibalisme
73%
Qui a écrit ce livre ? Daniel Defoe
58%
Le ____ ______ du roman est particulièrement originale en raison de sa longueur : 62 mots ! Titre complet
57%
Avant son naufrage, il est réduit en esclavage pendant deux ans par ce corps de métier exerçant sur la mer, qu'on confond souvent avec les pirates. Corsaire
53%
Seul ouvrage que peut lire Robinson, ayant trouvé un exemplaire dans l'épave de son bateau. La Bible
53%
En 1971, Michel Tournier procède à une réécriture de l'œuvre et modifie l'histoire. Quel titre prend alors le roman ? Vendredi ou la Vie sauvage
51%
Acteur américain qui incarne un Robinson des temps modernes en 2000 dans le film Seul au monde de Robert Zemeckis. Tom Hanks
47%
D'autres auteurs se sont inspirés de ce roman pour écrire des "robinsonnades". C'est le cas de cet auteur français, qui a écrit L'Île mystérieuse en 1875. Jules Verne
46%
Son bateau s'échoue sur une île à l'embouchure de l'Orénoque, au large des côtes de ce pays d'Amérique du Sud. Le Venezuela
42%
Philosophe du XVIIIe siècle qui a déclaré à plusieurs reprises que Robinson Crusoé constituait pour lui une référence majeure. Jean-Jacques Rousseau
39%
Dans cette version, l'île que Robinson nomme « Despair Island » (« île du désespoir ») dans l'œuvre originale change, pour devenir la traduction italienne du mot « Espoir ». Sperenza
38%
Toujours dans cette version, Robinson fait le choix étonnant de ______ ; contrairement à Vendredi. Rester
33%
Cet acteur, principalement connu pour son rôle de James Bond dans quatre des films de la franchise, incarne Robinson au cinéma en 1997. Pierce Brosnan
26%
À 20 ans, Robinson quitte cette ville anglaise contre la volonté de ses parents pour naviguer. York
10%
Aucun quiz correspondant
Distribution des résultats
% des personnes avec chaque résultat
Percentile par nombre de réponses
Votre historique - résultats
Vous n’avez pas pris ce quiz